| 000 | 00622nam a22002057a 4500 | ||
|---|---|---|---|
| 003 | OSt | ||
| 005 | 20180116182957.0 | ||
| 008 | 140530b xxu||||| |||| 00| 0 eng d | ||
| 020 | _a9787560013725 | ||
| 040 |
_a0 _b0 _c0 |
||
| 082 | _a951 FOR 2010 | ||
| 100 | _aTao Te Ching | ||
| 110 | _aForeign Language Teaching and Research Press | ||
| 245 |
_aTao Te Ching _cForeign Language Teaching and Research Press |
||
| 260 |
_aBeijing _bForeign Language Teaching and Research Press _c2010 |
||
| 300 |
_a171p. _bPB |
||
| 440 | _aTao Te Ching | ||
| 610 | _aForeign Language Teaching and Research Press | ||
| 942 |
_2ddc _cBK |
||
| 999 |
_c349700 _d349700 |
||